000 00676cab a2200241 4500
001 ABS54435
008 090401t1996 xxu||||| |||| 00| 0 eng d
035 _a(Sirsi) u10311
041 _aeng
100 _aPrice, T.
245 _aGrowing pains
260 _c1996
350 _a0
490 _aChartered Insurance Institute Journal
_vJanuary 1996, 22-23(2)
520 _aHighlights potential liability risks for those engaged in agriculture and the importance of having correct insurance cover.
650 _aACCIDENTS
650 _aFARMING
650 _aINSURANCE ISSUES
650 _aLIABILITY
690 _aRURAL PRACTICE
942 _n0
948 _c04/03/1997
999 _c6487
_d6487